000
00374nam a22001337a 4500
003
SGT
020
_a
9789385144004
082
_a
080
_b
D15S
100
_a
सिंह, जयपाल
245
_a
दिनकर और शुद्ध कविता की खोज
260
_b
शिवालिक प्रकाशन
_c
2015
300
_a
127
942
_2
ddc
_c
BK
999
_c
31630
_d
31630